Tutti i libri di Stephen King - Statistics

Statistiche generali
  • Questo quiz è stato fatto 144 volte
    103 dall'ultimo reset
  • Il punteggio medio è 47 su 82
Statistiche sulle risposte
gruppo Anno Titolo % Corretto
Libri 1986 It
100%
Libri 1987 Misery
92%
Libri 1974 Carrie
89%
Libri 1977 Shining
89%
Libri 1996 Il miglio verde
78%
Libri 1981 Cujo
76%
Libri 1975 Le notti di Salem
73%
Libri 1983 Christine – La macchina infernale
68%
Libri 1992 Dolores Claiborne
68%
Scritti come Richard Bachman 1979 La lunga marcia
68%
Libri 2019 L’istituto
68%
Libri 1978 L'ombra dello scorpione
68%
Libri 2014 Mr. Mercedes
68%
Libri 1999 La bambina che amava Tom Gordon
65%
Libri 1979 La zona morta
65%
Libri 2011 22/11/'63
62%
Libri 2021 Billy Summers
62%
Raccolte di racconti 2015 Il bazar dei brutti sogni
62%
Libri 1992 Il gioco di Gerald
62%
Libri 2013 Joyland
62%
Scritti come Richard Bachman 1982 L'uomo in fuga
62%
Libri 1983 Pet Sematary
62%
Raccolte di racconti 1978 A volte ritornano
59%
Libri 2015 Chi perde paga
59%
Libri 1991 Cose preziose
59%
Raccolte di racconti 1993 Incubi & Deliri
59%
Saga "La Torre Nera" 2004 La Torre Nera
59%
Scritti come Richard Bachman 1977 Ossessione
59%
Raccolte di racconti 1990 Quattro dopo mezzanotte
59%
Raccolte di racconti 1982 Stagioni diverse
59%
Libri 1996 Desperation
57%
Libri 2013 Doctor Sleep
57%
Libri 2008 Duma Key
57%
Libri 2016 Fine turno
57%
Saggi 2000 On writing
57%
Libri 1995 Rose Madder
57%
Scritti con altri autori 2017 Sleeping Beauties
57%
Libri 2009 The Dome
57%
Libri 2018 The Outsider
57%
Raccolte di racconti 2008 Al crepuscolo
54%
Libri 2002 Buick 8
54%
Libri 2006 Cell
54%
Libri 2022 Fairy Tale
54%
Libri 2023 Holly
54%
Libri 1998 Mucchio d'ossa
54%
Libri 2025 Never Flinch - La lotteria degli innocenti
54%
Raccolte di racconti 2020 Se scorre il sangue
54%
Scritti come Richard Bachman 2007 Blaze
51%
Scritti con altri autori 1984 Il talismano
51%
Libri 1994 Insomnia
51%
Scritti come Richard Bachman 1996 I vendicatori
51%
Scritti con altri autori 2001 La casa del buio
51%
Libri 2001 L'acchiappasogni
51%
Saga "La Torre Nera" 1987 La chiamata dei tre
51%
Libri 1989 La metà oscura
51%
Libri 2006 La storia di Lisey
51%
Libri 1999 La tempesta del secolo
51%
Libri 2021 Later
51%
Libri 1980 L'incendiaria
51%
Scritti come Richard Bachman 1984 L'occhio del male
51%
Saga "La Torre Nera" 1982 L'ultimo cavaliere
51%
Raccolte di racconti 2010 Notte buia, niente stelle
51%
Raccolte di racconti 1985 Scheletri
51%
Raccolte di racconti 1999 Cuori in Atlantide
49%
Saggi 1981 Danse Macabre
49%
Saga "La Torre Nera" 2003 I lupi del Calla
49%
Saga "La Torre Nera" 2004 La canzone di Susannah
49%
Saga "La Torre Nera" 2012 La leggenda del vento
49%
Scritti con altri autori 2017 La scatola dei bottoni di Gwendy
49%
Saga "La Torre Nera" 1997 La sfera del buio
49%
Libri 1987 Le creature del buio
49%
Libri 2014 Revival
49%
Saga "La Torre Nera" 1991 Terre desolate
49%
Raccolte di racconti 2002 Tutto è fatidico
49%
Scritti come Richard Bachman 1981 Uscita per l'inferno
49%
Libri 2005 Colorado Kid
46%
Saggi 2013 Guns
46%
Scritti con altri autori 2022 L’ultima missione di Gwendy
46%
Libri 1983 Unico indizio la luna piena
46%
Raccolte di racconti 2024 You Like It Darker – Salto nel buio
46%
Libri 2018 Elevation
41%
Libri 1984 Gli occhi del drago
38%
Nessun quiz corrispondente trovato
Distribuzione punteggi
Percentuale di utenti per punteggio
Percentile per numero di risposta
I tuoi punteggi nel tempo
Non hai fatto questo quiz dall'ultimo reset